James Cameron Movies - Director's Filmography - Statistics

General Stats
  • This quiz has been taken 48 times
    15 since last reset
  • The average score is 11 of 18
Answer Stats
Year Movie Director Writer Producer % Correct
2009 Avatar Yes Yes Yes
100%
2022 Avatar: The Way of Water Yes Yes Yes
100%
2025 Avatar: Fire & Ash Yes Yes Yes
92%
1984 The Terminator Yes Yes No
92%
1997 Titanic Yes Yes Yes
92%
2029 Avatar 4 Yes Yes Yes
85%
2031 Avatar 5 Yes Yes Yes
85%
1991 Terminator 2: Judgement Day Yes Yes Yes
85%
1986 Aliens Yes Yes No
77%
1989 The Abyss Yes Yes No
77%
1994 True Lies Yes Yes Yes
54%
1982 Piranha II: The Spawning Yes Yes No
46%
1995 Strange Days No Yes Yes
23%
2019 Terminator: Dark Fate No Story Yes
23%
2019 Alita: Battle Angel No Yes Yes
15%
1985 Rambo: First Blood Part II No Yes No
15%
2005 Aliens of the Deep Co-Director No Yes
8%
2003 Ghosts of the Abyss Yes No Yes
8%
No matching quizzes found
Score Distribution
Percent of People with Each Score
Percentile by Number Answered
Your Score History
You have not taken this quiz since the last reset